Southville International School and Colleges
Your cart is empty.
  • Cart
  • Lists
    Public lists Eva Luna New books Lux_list list_1
    Your lists Log in to create your own lists
  • Log in to your account
  • Your cookies
  • Search history
Southville International School and Colleges
  • Advanced search
  • Recent comments
  • Most popular
  • Libraries

Log in to your account

Log in with GOOGLE


If you do not have an external account, but do have a local account, you can still log in:

  1. Home
  2. MARC view: The opal deception /
Normal view MARC view ISBD view

The opal deception / (Record no. 10666)

[ view plain ]
MARC details
000 -LEADER
fixed length control field 00843nam a22003135a 4500
001 - CONTROL NUMBER
control field 14707805
003 - CONTROL NUMBER IDENTIFIER
control field OSt
005 - DATE AND TIME OF LATEST TRANSACTION
control field 20140310182219.0
008 - FIXED-LENGTH DATA ELEMENTS--GENERAL INFORMATION
fixed length control field 070123s2007 nyu 000 0 eng
010 ## - LIBRARY OF CONGRESS CONTROL NUMBER
LC control number 2007921568
020 ## - INTERNATIONAL STANDARD BOOK NUMBER
International Standard Book Number 9781423103998
020 ## - INTERNATIONAL STANDARD BOOK NUMBER
International Standard Book Number 0439803683
040 ## - CATALOGING SOURCE
Original cataloging agency DLC
Transcribing agency DLC
050 ## - LIBRARY OF CONGRESS CALL NUMBER
Classification number PZ7
Item number .C68 2001
082 ## - DEWEY DECIMAL CLASSIFICATION NUMBER
Classification number FIC
Item number C68af 2005
100 1# - MAIN ENTRY--PERSONAL NAME
Personal name Colfer, Eoin.
9 (RLIN) 17202
245 14 - TITLE STATEMENT
Title The opal deception /
Statement of responsibility, etc Eoin Colfer.
250 ## - EDITION STATEMENT
Edition statement 1st mass-market pbk. ed., 2007
260 ## - PUBLICATION, DISTRIBUTION, ETC. (IMPRINT)
Place of publication, distribution, etc New York :
Name of publisher, distributor, etc Miramax Books / Hyperion Paperbacks for Children,
Date of publication, distribution, etc c2007.
263 ## - PROJECTED PUBLICATION DATE
Projected publication date 0704
300 ## - PHYSICAL DESCRIPTION
Extent p. cm.
440 ## - SERIES STATEMENT/ADDED ENTRY--TITLE
Title Artemis Fowl
9 (RLIN) 17203
490 0# - SERIES STATEMENT
Series statement Artemis fowl ;
Volume number/sequential designation 5
562 ## - COPY AND VERSION IDENTIFICATION NOTE
Number of copies 1
906 ## - LOCAL DATA ELEMENT F, LDF (RLIN)
a 0
b ibc
c orignew
d 2
e epcn
f 20
g y-gencatlg
942 ## - ADDED ENTRY ELEMENTS (KOHA)
Source of classification or shelving scheme Library of Congress Classification
Koha item type
Call number prefix
Holdings
Withdrawn status Lost status Source of classification or shelving scheme Damaged status Home library Current library Shelving location Date acquired Total Checkouts Total Renewals Full call number Barcode Date last seen Date checked out Copy number Price effective from Koha item type
    Library of Congress Classification   Luxembourg Library Luxembourg Library Fiction Section 09/09/2013 3 2 PZ 7 .C68 2005 15194 01/22/2019 01/09/2019 1 10/03/2013 Books

The opal deception /

APA

Colfer E., . (2007). The opal deception. New York: Miramax Books / Hyperion Paperbacks for Children.

Chicago

Colfer Eoin, . 2007. The opal deception. New York: Miramax Books / Hyperion Paperbacks for Children.

Harvard

Colfer E., . (2007). The opal deception. New York: Miramax Books / Hyperion Paperbacks for Children.

MLA

Colfer Eoin, . The opal deception. New York: Miramax Books / Hyperion Paperbacks for Children. 2007.

  • Place hold
  • Print
  • Cite
  • Add to your cart (remove)
  • Save record
    BIBTEX Dublin Core MARCXML MARC (non-Unicode/MARC-8) MARC (Unicode/UTF-8) MARC (Unicode/UTF-8, Standard) MODS (XML) RIS
  • More searches
    Search for this title in:
    Other Libraries (WorldCat) Other Databases (Google Scholar) Online Stores (Bookfinder.com) Open Library (openlibrary.org)

Exporting to Dublin Core...

SOUTHVILLE LIBRARY

Southville International School and Colleges Library

1281 Tropical Ave. Cor. Luxembourg St., BF Homes International, Las Pinas City

Tel. No. 8256374 / 252358 Loc. 117/146

Powered by Koha